| 000 | 02135nam0a22003371 4500 | ||
|---|---|---|---|
| 001 | RU\NLR\A1\22651 | ||
| 005 | 20251203152403.2 | ||
| 035 | _a(NLR Aleph) 009677112 | ||
| 090 |
_a9687243 _c9687243 |
||
| 100 | _a20260119 rusy50 | ||
| 101 | 1 | _arus | |
| 102 | _aRU | ||
| 200 | 1 |
_aКраткое извещение о невидимом существе, и о находящихся в неизмеримом его пространстве таврях добрых и злых; также звездных и стихийных духах, о происхождении духов, существе и действии их; о снах и всяких фантазиях, также о привидениях, и волшебных силах, и иных еще к тому принадлещащих вещах; _eИз естественнаго познания собранное, и со священным писанием и со здравыми заключениями разума соглашенное |
|
| 210 |
_a[М. _cТайная масон. тип.] _d[не ранее 1784] |
||
| 215 |
_a[2], 126 с. _d8° |
||
| 305 | _aНапеч. на бумаге с водяными знаками 1784 г. Изд. одновременно с др. соч. Г.Ф.Рейцеля - "Шести-дневных ел сего мира тайное значение...", о чем свидетельствует то, что первые стрницы первого соч. и последние страницы второго соч. напеч. на одном типогр. листе. | ||
| 321 | 1 | _aСК XVIII 5940 | |
| 620 | _dМосква | ||
| 700 | 1 |
_6z01700 _aРетцель _bГ.Ф. _gГеорг Фридрих _4070 |
|
| 700 | 1 |
_6z01700 _aRetzel _bG.F. _gGeorg Friedrich _4070 _7ba |
|
| 712 | 0 | 2 |
_aТайная масонская типография _cМосква _4610 |
| 801 | 0 |
_aRU _bNLR _c19981006 |
|
| 852 |
_aNLR _j18.54.9.48 |
||
| 852 |
_aNLR _jМф К1/22454 |
||
| 899 | _aРГБ | ||
| 899 | _aБАН | ||
| 899 | _aГПИБ | ||
| 942 | _cBOOK | ||
| 980 | _aNB | ||
| 980 | _aA1XVIIIv | ||